Music Quiz

Random Music or Album Quiz
Score 0/16 Timer 05:00
1 Play Today
Hint Answer % Correct
Michael Jackson???
93.4%
The Beatles???
85.3%
Nirvana???
77.7%
Pink Floyd???
73.8%
U2???
71.6%
David Bowie???
67%
Oasis???
65.6%
The Rolling Stones???
55.4%
Hint Answer % Correct
Eminem???
52.6%
The Beach Boys???
51.2%
Rihanna???
49.5%
Slayer???
49%
Queen???
46.4%
Bob Dylan???
45%
Madonna???
35.2%
Elvis Presley???
32.1%
Remove Ads.
Support Sporcle.
Get the best of Sporcle when you Go Orange. This ad-free experience offers more features, more stats, and more fun while also helping to support Sporcle. Thank you for becoming a member.

You're not logged in!

Compare scores with friends on all Sporcle quizzes.
OR
Log In

Show Comments

Extras

Top Quizzes Today


Score Distribution

Your Account Isn't Verified!

In order to create a playlist on Sporcle, you need to verify the email address you used during registration. Go to your Sporcle Settings to finish the process.

Report this User

Report this user for behavior that violates our Community Guidelines.

Details: